Mastering skills for the TOEFL IBT : Advanced
In this third and final book of the series, students pratice the innovative question types found on the TOEFL iBT at the level of difficulty seen on the actual test. As with the other books in the series, suggested tips and skill practice exercises are included to help increase scores in all four sk...
Uloženo v:
| Hlavní autor: | |
|---|---|
| Médium: | Kniha |
| Jazyk: | Undetermined |
| Vydáno: |
Thành phố Hồ Chí Minh
Trẻ
2006
|
| Témata: | |
| Tagy: |
Přidat tag
Žádné tagy, Buďte první, kdo otaguje tento záznam!
|
| Thư viện lưu trữ: | Trung tâm Học liệu Trường Đại học Cần Thơ |
|---|
| LEADER | 01009nam a2200217Ia 4500 | ||
|---|---|---|---|
| 001 | CTU_132633 | ||
| 008 | 210402s9999 xx 000 0 und d | ||
| 020 | |c 208000 | ||
| 082 | |a 428.0076 | ||
| 082 | |b Y21 | ||
| 100 | |a Yancey, Patrick | ||
| 245 | 0 | |a Mastering skills for the TOEFL IBT : | |
| 245 | 0 | |b Advanced | |
| 245 | 0 | |c Patrick Yancey, Moraig Macgillivray, Casey Malarcher | |
| 260 | |a Thành phố Hồ Chí Minh | ||
| 260 | |b Trẻ | ||
| 260 | |c 2006 | ||
| 520 | |a In this third and final book of the series, students pratice the innovative question types found on the TOEFL iBT at the level of difficulty seen on the actual test. As with the other books in the series, suggested tips and skill practice exercises are included to help increase scores in all four skill-based test sections: reading, listening, speaking, and writing. | ||
| 650 | |a English language,English language,Tiếng Anh,Tiếng Anh | ||
| 904 | |i Giang | ||
| 980 | |a Trung tâm Học liệu Trường Đại học Cần Thơ | ||